| 000 | 01322cad a22002175a 4500 | ||
|---|---|---|---|
| 001 | L156210 | ||
| 008 | 120504s2012 xxk f 000 0 eng d | ||
| 035 | _a(Sirsi) u156210 | ||
| 041 | 0 | _aeng | |
| 110 | 2 |
_aUnited Kingdom _bHM Treasury |
|
| 245 | 0 | 0 |
_aInfrastructure cost review _bannual report 2011-12 _h[electronic resource] |
| 260 |
_aLondon _bHM Treasury _c2012 |
||
| 505 | 2 | _aImplementing the cost review -- Measuring progress -- Component A: pipeline visibility and certainty -- Component B: effective governance and control of costs -- Component C: specifications and technical standards -- Component D: competition and procurement -- Component E: industry and supply chain sustainability -- Component F: infrastructure data -- Next steps -- Annex A examples of improved performance -- Annex B progress against Implementation Plan 2011 | |
| 520 | _aThe first annual progress report of the Government's Infrastructure Cost Review programme launched in March 2011; Government's funded construction pipeline; key objectives | ||
| 590 | _aKA NTK | ||
| 651 | 4 |
_aUnited Kingdom _y |
|
| 690 |
_aConstruction management _96230 |
||
| 690 | _aProcurement-old | ||
| 856 | 4 | 0 |
_uhttps://www.hm-treasury.gov.uk/d/iuk_cost_review_report2012_230412.pdf _zView the document free of charge at www.hm-treasury.gov.uk |
| 942 | _n0 | ||
| 999 |
_c114102 _d114102 |
||